000
00313nam a2200109Ia 4500
008
220204s9999 xx 000 0 und d
082
_a
804
_b
JAR
100
_a
Jarvis, Wilbert A
245
0
_a
Vivent les differences: An intermediate reader for communication
260
_a
New York
_b
Holt Rinehart
_c
1977
942
_c
BK
999
_c
28164
_d
28164